Picture book: (Record no. 47681)
| 000 -LEADER | |
|---|---|
| fixed length control field | 00264nam a2200097 4500 |
| 020 ## - INTERNATIONAL STANDARD BOOK NUMBER | |
| International Standard Book Number | 9789924341918 |
| 245 ## - TITLE STATEMENT | |
| Title | Picture book: |
| Remainder of title | Pchum Ben and water festival (KHMER) / |
| 260 ## - PUBLICATION, DISTRIBUTION, ETC. (IMPRINT) | |
| Place of publication, distribution, etc | Cambodia |
| Name of publisher, distributor, etc | Sipar |
| Date of publication, distribution, etc | 2022 |
| 300 ## - PHYSICAL DESCRIPTION | |
| Extent | unpaged. |
| Other physical details | col. ill. |
| Dimensions | 20 cm. |
| 942 ## - ADDED ENTRY ELEMENTS (KOHA) | |
| Source of classification or shelving scheme | |
| Koha item type | Book |
| Withdrawn status | Lost status | Source of classification or shelving scheme | Damaged status | Not for loan | Collection code | Home library | Current library | Date acquired | Total Checkouts | Full call number | Barcode | Date last seen | Date checked out | Price effective from | Koha item type |
|---|---|---|---|---|---|---|---|---|---|---|---|---|---|---|---|
| TEACHERS' RESOURCES | Asian Hope Early Years Library | Asian Hope Early Years Library | 10/29/2024 | 2 | KHMER 956.6 PCH | 206711 | 01/12/2026 | 11/27/2025 | 10/29/2024 | Book | |||||
| TEACHERS' RESOURCES | Asian Hope Early Years Library | Asian Hope Primary Library | 10/29/2024 | 1 | KHMER 956.6 PCH | 206715 | 12/09/2024 | 12/02/2024 | 10/29/2024 | Book |